Normal view
MARC view
- PROPOSAL WRITING FOR GRANTS.KNOWLEDGE MANAGEMENT
Entry Topical Term
001 - CONTROL NUMBER
- control field: 56775
003 - CONTROL NUMBER IDENTIFIER
- control field: NUST
005 - DATE AND TIME OF LATEST TRANSACTION
- control field: 20210628201755.0
008 - FIXED-LENGTH DATA ELEMENTS
- fixed length control field: 210628|| aca||aabn | a|a d
040 ## - CATALOGING SOURCE
- Original cataloging agency: NUST
- Transcribing agency: NUST
150 ## - HEADING--TOPICAL TERM
- Topical term or geographic name entry element: PROPOSAL WRITING FOR GRANTS.KNOWLEDGE MANAGEMENT
670 ## - SOURCE DATA FOUND
- Source citation: Work cat.: (NUST): Frey, Robert.S 56774, Successful proposal strategies for small businesses ,using knowledge management to win government, private sector, and international contracts, 2005
